The message matters : (Record no. 741663)

MARC details
000 -LEADER
fixed length control field 01394 am a2200373 a 4500
001 - CONTROL NUMBER
control field vtls000928661
003 - CONTROL NUMBER IDENTIFIER
control field NLI
005 - DATE AND TIME OF LATEST TRANSACTION
control field 20210627084348.0
008 - FIXED-LENGTH DATA ELEMENTS--GENERAL INFORMATION
fixed length control field 110909s2009 njuda e 001 0 eng d
020 ## - INTERNATIONAL STANDARD BOOK NUMBER
International Standard Book Number 9780691139623
Terms of availability $ 65.00
039 #9 - LEVEL OF BIBLIOGRAPHIC CONTROL AND CODING DETAIL [OBSOLETE]
Level of rules in bibliographic description 201109122241
Level of effort used to assign nonsubject heading access points krishanuc
Level of effort used to assign subject headings 201109122236
Level of effort used to assign classification krishanuc
-- 201109091651
-- sanjibk
040 ## - CATALOGING SOURCE
Original cataloging agency NLI
Language of cataloging eng
041 0# - LANGUAGE CODE
Language code of text/sound track or separate title eng
044 ## - COUNTRY OF PUBLISHING/PRODUCING ENTITY CODE
MARC country code nju
082 04 - DEWEY DECIMAL CLASSIFICATION NUMBER
Classification number 324.973092
Edition number 22
100 1# - MAIN ENTRY--PERSONAL NAME
Personal name Vavreck, Lynn,
Dates associated with a name 1968-
9 (RLIN) 858177
245 10 - TITLE STATEMENT
Title The message matters :
Remainder of title the economy and presidental compaigns /
Statement of responsibility, etc. Lynn Vavreck
260 ## - PUBLICATION, DISTRIBUTION, ETC.
Place of publication, distribution, etc. Princeton, N. J. :
Name of publisher, distributor, etc. The University Press,
Date of publication, distribution, etc. 2009
300 ## - PHYSICAL DESCRIPTION
Extent xxiii, 205 p.;
Dimensions 24 cm.
504 ## - BIBLIOGRAPHY, ETC. NOTE
Bibliography, etc. note Includes bibliographical references and index
650 #0 - SUBJECT ADDED ENTRY--TOPICAL TERM
Topical term or geographic name entry element Presidents
Geographic subdivision United States
General subdivision Election
9 (RLIN) 703778
650 #0 - SUBJECT ADDED ENTRY--TOPICAL TERM
Topical term or geographic name entry element Political campaigns
Geographic subdivision United States
9 (RLIN) 858178
650 #0 - SUBJECT ADDED ENTRY--TOPICAL TERM
Topical term or geographic name entry element Public opinion
Geographic subdivision United States
9 (RLIN) 704591
651 #0 - SUBJECT ADDED ENTRY--GEOGRAPHIC NAME
Geographic name United States
General subdivision Economic conditions
-- Public opinion
9 (RLIN) 858179
651 #0 - SUBJECT ADDED ENTRY--GEOGRAPHIC NAME
Geographic name United States
General subdivision Politics and government
9 (RLIN) 679132
887 ## - NON-MARC INFORMATION FIELD
Content of non-MARC field Sanjib Karmakar
901 ## - LOCAL DATA ELEMENT A, LDA (RLIN)
a 565741 :
b 04.07.11
902 ## - LOCAL DATA ELEMENT B, LDB (RLIN)
a E 324.973092 V 471
904 ## - LOCAL DATA ELEMENT D, LDD (RLIN)
a Sanjib Karmakar
949 ## - LOCAL PROCESSING INFORMATION (OCLC)
-- VIRTUAITEM
-- 10000
-- 100
6 PUB000565741ENG
942 ## - ADDED ENTRY ELEMENTS (KOHA)
Source of classification or shelving scheme Dewey Decimal Classification
Koha item type Books
Holdings
Withdrawn status Lost status Damaged status Not for loan Collection code Home library Current library Shelving location Date acquired Total Checkouts Full call number Barcode Date last seen Price effective from Koha item type
        New English National Library of India National Library of India New English - Main Stack Division     E 324.973092 V 471 PUB000565741ENG 27/06/2021 27/06/2021 Books
                                                                           
web counter

Copyright ©2020 The National Library of India, Govt. of India ↔ Hosted by NVLI, MOC ↔ Technology and Design by National Library of India, Ministry of Culture, Govt. of India